<?xml version="1.0" encoding="UTF-8"?>
<marc:record xmlns:marc="http://www.loc.gov/MARC21/slim">
   <marc:leader>00000nam a2200000 a 4500</marc:leader>
   <marc:datafield ind1="1" ind2=" " tag="100">
      <marc:subfield code="a">Börjlind, Cilla</marc:subfield>
      <marc:subfield code="4">aut</marc:subfield>
      <marc:subfield code="e">Verfasser/-in</marc:subfield>
   </marc:datafield>
   <marc:datafield ind1="1" ind2=" " tag="100">
      <marc:subfield code="a">Börjlind, Rolf</marc:subfield>
      <marc:subfield code="4">aut</marc:subfield>
      <marc:subfield code="e">Verfasser/-in</marc:subfield>
   </marc:datafield>
   <marc:datafield ind1="1" ind2=" " tag="100">
      <marc:subfield code="a">Hildebrandt, Christel</marc:subfield>
      <marc:subfield code="4">trl</marc:subfield>
      <marc:subfield code="e">Übersetzer/-in</marc:subfield>
   </marc:datafield>
   <marc:datafield ind1=" " ind2=" " tag="653">
      <marc:subfield code="a">Skandinavien Krimi</marc:subfield>
   </marc:datafield>
   <marc:datafield ind1=" " ind2=" " tag="653">
      <marc:subfield code="a">Die dritte Stimme</marc:subfield>
   </marc:datafield>
   <marc:datafield ind1=" " ind2=" " tag="653">
      <marc:subfield code="a">Krimis</marc:subfield>
   </marc:datafield>
   <marc:datafield ind1=" " ind2=" " tag="653">
      <marc:subfield code="a">Thriller</marc:subfield>
   </marc:datafield>
   <marc:datafield ind1=" " ind2=" " tag="653">
      <marc:subfield code="a">Spionage</marc:subfield>
   </marc:datafield>
   <marc:datafield ind1=" " ind2=" " tag="653">
      <marc:subfield code="a">Småland</marc:subfield>
   </marc:datafield>
   <marc:datafield ind1=" " ind2=" " tag="653">
      <marc:subfield code="a">Flüchtlinge</marc:subfield>
   </marc:datafield>
   <marc:datafield ind1=" " ind2=" " tag="653">
      <marc:subfield code="a">Schweden</marc:subfield>
   </marc:datafield>
   <marc:datafield ind1=" " ind2=" " tag="653">
      <marc:subfield code="a">Die Strömung</marc:subfield>
   </marc:datafield>
   <marc:datafield ind1=" " ind2=" " tag="653">
      <marc:subfield code="a">Die Springflut</marc:subfield>
   </marc:datafield>
   <marc:datafield ind1=" " ind2=" " tag="653">
      <marc:subfield code="a">Olivia Rönning</marc:subfield>
   </marc:datafield>
   <marc:datafield ind1=" " ind2=" " tag="653">
      <marc:subfield code="a">Tom Stilton</marc:subfield>
   </marc:datafield>
   <marc:datafield ind1=" " ind2=" " tag="653">
      <marc:subfield code="a">Fiktionale Darstellung</marc:subfield>
   </marc:datafield>
   <marc:datafield ind1=" " ind2=" " tag="653">
      <marc:subfield code="a">Stockholm</marc:subfield>
   </marc:datafield>
   <marc:datafield ind1="0" ind2="0" tag="245">
      <marc:subfield code="a">Schlaflied</marc:subfield>
   </marc:datafield>
   <marc:datafield ind1="0" ind2="0" tag="245">
      <marc:subfield code="b">Kriminalroman</marc:subfield>
   </marc:datafield>
   <marc:datafield ind1="0" ind2="0" tag="245">
      <marc:subfield code="c">Cilla Börjlind &amp; Rolf Börjlind ; aus dem Schwedischen von Christel Hildebrandt</marc:subfield>
   </marc:datafield>
   <marc:datafield ind1=" " ind2="1" tag="264">
      <marc:subfield code="a">München</marc:subfield>
      <marc:subfield code="b">btb</marc:subfield>
      <marc:subfield code="c">2017</marc:subfield>
   </marc:datafield>
   <marc:datafield ind1=" " ind2=" " tag="250">
      <marc:subfield code="a">1. Auflage</marc:subfield>
   </marc:datafield>
   <marc:datafield ind1="1" ind2=" " tag="520">
      <marc:subfield code="a">Quelle: LHW.Lesen.Hören.Wissen (http://www.provinz.bz.it/kulturabteilung/bibliotheken/320.asp); #Autor: Alma Svaldi; #Am Stockholmer Hauptbahnhof kommt ein Strom von Flüchtlingen an. Soziale Einrichtungen und freiwillige Helfer tun ihr Möglichstes, um die Menschen zu versorgen und Unterkünfte zu finden. Allerdings haben einige nicht nur Gutes im Sinn. Besonders unbegleitete und nicht registrierte Minderjährige erwecken ihr Interesse. Auch Folami  aus Nigeria ist alleine den weiten Weg nach Schweden gekommen und schlägt sich auf der Straße durch, bis sie auf die obdachlose Muriel trifft. Muriel nimmt sie auf und versteckt sie in einer abgelegenen Hütte im Wald. Zur gleichen Zeit wird ein ermordeter Junge im Wald vergraben aufgefunden. Die Nachforschungen führen die Ermittler nach Rumänien und Motive wie Pädophilie und Organhandel stehen als Tatmotiv im Raum. Der Verdacht, dass es weitere Opfer geben könnte, erhärtet sich. Als Muriel den Ermittler Tom Stilton um Hilfe für Folami bittet, erahnt er Zusammenhänge zwischen den beiden Fällen.#Der vierte Band um das Ermittlerteam Tom Stilton und Olivia Rönning behandelt Themen wie die Flüchtlingswelle, die uns täglich in den Medien begegnet, gepaart mit weiteren Problemen unserer Zeit, wie skrupellosen Organhandel, Pädophilie, Drogen und bittere Armut. Das menschenunwürdige Vegetieren vieler Kinder in der Kanalisation von Bukarest erschüttert. Auf der anderen Seite begegnen uns Personen, die die Not anderer skrupellos ausnützen und dabei über Leichen gehen. Dieser spannende Krimi vereint hochaktuelle Themen.</marc:subfield>
   </marc:datafield>
   <marc:datafield ind1=" " ind2=" " tag="020">
      <marc:subfield code="a">9783442757169</marc:subfield>
      <marc:subfield code="9">9783442757169</marc:subfield>
   </marc:datafield>
   <marc:datafield ind1=" " ind2=" " tag="041">
      <marc:subfield code="a">ger</marc:subfield>
   </marc:datafield>
   <marc:datafield ind1=" " ind2=" " tag="300">
      <marc:subfield code="a">572 Seiten</marc:subfield>
   </marc:datafield>
</marc:record>
